El arbol de Pablo / (Record no. 20861)

MARC details
000 -LEADER
fixed length control field 01040cam a2200301Ia 4500
001 - CONTROL NUMBER
control field 49399964
003 - CONTROL NUMBER IDENTIFIER
control field OCoLC
005 - DATE AND TIME OF LATEST TRANSACTION
control field 20180606200441.0
008 - FIXED-LENGTH DATA ELEMENTS--GENERAL INFORMATION
fixed length control field 020326t19961994nyua j 000 1 spa d
020 ## - INTERNATIONAL STANDARD BOOK NUMBER
International Standard Book Number 0590926357 (pbk.)
040 ## - CATALOGING SOURCE
Original cataloging agency DAJ
Transcribing agency DAJ
Modifying agency OCLCQ
-- TMI
-- CNL
-- CoBoFLC
041 ## - LANGUAGE CODE
Language code of text/sound track or separate title spa
090 ## - LOCALLY ASSIGNED LC-TYPE CALL NUMBER (OCLC); LOCAL CALL NUMBER (OCLC)
Classification number (OCLC) (R) ; Classification number, CALL (RLIN) (NR) PZ73
Local cutter number (OCLC) ; Book number/undivided call number, CALL (RLIN) .M67 1996
100 1# - MAIN ENTRY--PERSONAL NAME
Personal name Mora, Pat.
240 10 - UNIFORM TITLE
Uniform title <a href="Pablo's tree.">Pablo's tree.</a>
Language of a work Spanish.
245 13 - TITLE STATEMENT
Title El arbol de Pablo /
Statement of responsibility, etc. escrito por Pat Mora ; ilustrado por Cecily Lang.
260 ## - PUBLICATION, DISTRIBUTION, ETC. (IMPRINT)
Place of publication, distribution, etc. New York :
Name of publisher, distributor, etc. Scholastic Inc.,
Date of publication, distribution, etc. c1996.
300 ## - PHYSICAL DESCRIPTION
Extent 32 p. :
Other physical details col. ill. ;
Dimensions 25 cm.
500 ## - GENERAL NOTE
General note Translation of: Pablo's tree.
520 ## - SUMMARY, ETC.
Summary, etc. Each year on his birthday, a young Mexican American boy looks forward to seeing how his grandfather has decorated the tree he planted on the day the boy was adopted.
650 #0 - SUBJECT ADDED ENTRY--TOPICAL TERM
Topical term or geographic name as entry element Birthdays
Form subdivision Fiction.
650 #0 - SUBJECT ADDED ENTRY--TOPICAL TERM
Topical term or geographic name as entry element Mexican Americans
Form subdivision Fiction.
650 #1 - SUBJECT ADDED ENTRY--TOPICAL TERM
Topical term or geographic name as entry element Grandfathers
Form subdivision Fiction.
650 #1 - SUBJECT ADDED ENTRY--TOPICAL TERM
Topical term or geographic name as entry element Adoption
Form subdivision Fiction.
655 #1 - INDEX TERM--GENRE/FORM
Genre/form data or focus term Spanish language materials.
700 1# - ADDED ENTRY--PERSONAL NAME
Personal name Lang, Cecil.
942 ## - ADDED ENTRY ELEMENTS (KOHA)
Koha item type Libro/Book
Holdings
Withdrawn status Lost status Damaged status Not for loan Home library Current library Date acquired Inventory number Total Checkouts Full call number Barcode Date last seen Price effective from Koha item type
        Las Brisas 2 -- Satellite Las Brisas 2 -- Satellite 21/02/2020 Inventory date: 7/4/25   JI 40101622 21/02/2020 21/02/2020 Libro/Book

Powered by Koha